00438nam a2200157Ia 4500999001700000003000400017005001700021008004100038040001800079082001900097245005900116260004300175300000800218650001000226942004400236 c16114d16114OSt20200606115851.0190216s9999||||xx |||||||||||||| ||und|| cMESKC library a891.431bCHA/B 0aBharatiya Basahon Ke Desh - Prem - Parak - Lok - Geet  bNew Barath Prakasan,c2002.aJodhpur : a54p aHindi cBK2ddch891.431iCHA/Bk891.431mCHA/B